Language Quiz

Random Language or French Quiz

Intermediate French Vocabulary: General terms Quiz Stats

 Plays Quiz not verified by Sporcle

Score 0/43 Timer 20:00
0 Plays Today
French English % Correct
emportertake
47.6%
autant/tant ... que, aussi ... queas ... as
42.9%
apporterbring
42.9%
obscur, obscuredark
38.1%
anormal, anormaleabnormal
38.1%
surtoutespecially
33.3%
négligeablenegligible
28.6%
afin queso that
28.6%
souleverlift
28.6%
inchangé, inchangéeunchanged
28.6%
boucheropen
28.6%
déboucheropen
28.6%
être lié, liée à/avecto be connected or friendly with
23.8%
puisquesince
23.8%
afin dein order to
23.8%
acheverfinish
23.8%
lisiblelegible
19%
le hasardchance
19%
enfermerlock up
19%
lâcherrelease
19%
la dispositionarrangement
14.3%
vif, vivelively
14.3%
French English % Correct
de manière que/à, de façon que/àto be connected or friendly with
14.3%
aboutir àto lead to
14.3%
remportertake back
14.3%
abîmerdamage
14.3%
secouershake
14.3%
illisibleillegible
9.5%
incolorecolourless
9.5%
entraînerbring back
9.5%
eloignerbring back
9.5%
rapporterbring back
9.5%
arracherpull up, pull out
9.5%
renverserknock over, spill
9.5%
ramenerbring back
9.5%
amenerbring along
4.8%
passer au second planto take a backseat
4.8%
inversementconversely
4.8%
vraisemblementprobably
4.8%
le mobilemotive
4.8%
emmenertake along
4.8%
repousserreject
4.8%
effectuercomplete, make
4.8%

You're not logged in!

Compare scores with friends on all Sporcle quizzes.
OR
Log In

Sporcle TV

Today on Sporcle TV


Watch our educational content, quiz creation guides, and fun videos on Sporcle TV.

Show Comments

Extras

Top Quizzes Today


Score Distribution

Your Account Isn't Verified!

In order to create a playlist on Sporcle, you need to verify the email address you used during registration. Go to your Sporcle Settings to finish the process.

Report this User

Report this user for behavior that violates our Community Guidelines.

Details: